LIBRARY & INFORMATION CENTRE, KCAET, TAVANUR

ONLINE PUBLIC ACCESS CATALOGUE (OPAC)

Water Harvesting: A Manual for the Design and Construction of Water Harvesting Schemes for Plant Production (Record no. 14422)

MARC details
000 -LEADER
fixed length control field 00476nam a22001577a 4500
020 ## - INTERNATIONAL STANDARD BOOK NUMBER
ISBN 9788172338015
082 ## - DEWEY DECIMAL CLASSIFICATION NUMBER
Classification number 631.587
Item number CRI/WA
100 ## - MAIN ENTRY--AUTHOR NAME
Personal name Critchley,Will
100 ## - MAIN ENTRY--AUTHOR NAME
Personal name Siegert,Klaus
100 ## - MAIN ENTRY--AUTHOR NAME
Personal name Chapman,C
100 ## - MAIN ENTRY--AUTHOR NAME
Personal name Finkel,M
245 ## - TITLE STATEMENT
Title Water Harvesting: A Manual for the Design and Construction of Water Harvesting Schemes for Plant Production
260 ## - PUBLICATION, DISTRIBUTION, ETC. (IMPRINT)
Place of publication New Delhi
Name of publisher Scientific Publishers (India)
Year of publication 2013
300 ## - PHYSICAL DESCRIPTION
Number of Pages 163
942 ## - ADDED ENTRY ELEMENTS (KOHA)
Koha item type Books
Holdings
Withdrawn status Lost status Damaged status Collection code Home library Current library Shelving location Date acquired Source of acquisition Cost, normal purchase price Full call number Accession Number Koha item type
        KAUAET KAUAET General Stacks 29/06/2016 Kavya Book Centre Kochi 575.00 631.587 CRI/WA 23915 Books
        KAUAET KAUAET General Stacks 19/07/2016 Arunima Book Distributors,TVPM 575.00 631.587. CRI/WA 24580 Books
free website counter